Czy znasz państwa na literę A - Statystyki

Ogólne statystyki
  • Ten quiz został rozwiązany 1 095 razy
  • Średni wynik to 9 z 15
Statystyki odpowiedzi
Litera Kraj % Poprawnych
A Australia
79%
A Albania
77%
A Austria
76%
A Andora
75%
A Argentyna
75%
A Armenia
74%
A Afganistan
70%
A Azerbejdżan
69%
A Algieria
65%
A Angola
64%
A Arabia Saudyjska
61%
A Antigua i Barbuda
46%
A Aruba
16%
A Anguilla
10%
A Antyle Holenderskie
9%
Nie znaleziono quizów pasujących do podanych kryteriów
Rozkład punktacji
Procent ludzi z każdym wynikiem
Percentyl według liczby udzielonych odpowiedzi
Twoja historia wyników
Nie rozwiązałeś tego quizu